000 00614nam a2200193Ii 4500
003 JO-AjNU
008 230605s9999||||xx |||||||||||||| ||und||
040 _aJO-AjNU
_bara
_erda
_cJO-AjNU
041 _aara
050 1 4 _aPN1655.S5778 1977
100 3 _aسرحان،سمير,
_eauthor
_917826
245 0 0 _aدراسات في الأدب المسرحي
264 3 1 _aبغداد: دار الشؤون الثقافية، 1900
300 _a173ص
336 _atext
_btxt
_2rdacontent
337 _aunmediated
_bn
_2rdamedia
338 _avolume
_bnc
_2rdacarrier
650 4 _a المسرح - تاريخ ونقد
_917827
999 _aA5588
_c9156
_d9156